Statistics for Biggest Cities in Greece - Extreme

Click here to take the quiz!

General Stats

  • This quiz has been taken 898 times
  • The average score is 19 of 61

Answer Stats

PopulationAnswer% Correct
3,753,783Athens
100%
824,676Thessaloniki
94%
140,730Heraklion
79%
167,466Patras
67%
49,541Rhodes
64%
16,239Sparta
60%
144,651Larissa
59%
24,838Corfu
56%
53,910Chania
51%
30,176Corinth
51%
54,100Kalamata
49%
65,574Ioannina
47%
86,046Volos
47%
57,812Alexandroupoli
43%
56,122Xanthi
39%
54,027Kavala
38%
30,866Tripoli
34%
52,006Lamia
33%
22,883Thebes
33%
61,653Trikala
33%
59,125Chalcis
31%
26,850Chios
31%
32,468Rethymno
31%
58,287Serres
31%
22,209Argos
30%
50,990Komotini
30%
27,871Mytilene
30%
44,823Drama
29%
55,997Katerini
29%
19,432Kos
29%
14,203Nafplio
28%
19,042Preveza
28%
21,895Arta
27%
17,686Florina
25%
59,329Agrinio
24%
41,066Kozani
24%
24,359Pyrgos
24%
43,158Veria
24%
18,229Edessa
23%
22,914Kilkis
23%
38,554Karditsa
22%
13,387Kastoria
22%
11,421Agios Nikolaos
21%
11,407Ermoupoli
21%
13,137Grevena
18%
21,379Leivadia
18%
12,785Messolonghi
18%
23,456Megara
15%
20,422Aigio
14%
18,882Naoussa
14%
32,127Ptolemaida
14%
29,789Giannitsa
13%
18,426Orestiada
13%
12,355Ierapetra
12%
13,415Nafpaktos
12%
14,821Alexandreia
10%
16,763Amaliada
10%
12,324Kalymnos
7%
11,564Loutraki
7%
11,069Tyrnavos
6%
11,331Ialysos
4%

Score Distribution

Percentile by Number Answered

Percent of People with Each Score

Your Score History

You have not taken this quiz